| 000 | 00798nam a2200193Ia 4500 | ||
|---|---|---|---|
| 008 | 151121s9999||||xx |||||||||||||| ||und|| | ||
| 082 | _aबा। वि। | ||
| 082 | _bHNW-72941 | ||
| 100 | _aगोडबोले अनिल | ||
| 245 | _aगाऊया तेजाच्या आरती ( झाशीवाली राणू ) | ||
| 260 | _b"उन्मेष प्रकाशन, पुणे।" | ||
| 260 | _c-- | ||
| 300 | _a66 | ||
| 600 | _aगोडबोले अनिल | ||
| 630 | _aगाऊया तेजाच्या आरती ( झाशीवाली राणू ) | ||
| 700 | _aगोडबोले अनिल | ||
| 730 | _aगाऊया तेजाच्या आरती ( झाशीवाली राणू ) | ||
| 942 | _cBOOK | ||
| 999 |
_c1254399 _d1254396 |
||